Paroles - Formidable - Stromae - Statistiques

Statistiques générales
  • Ce quiz a été pris 7 280 fois
  • Le résultat moyen est 165 sur 214
Statistiques - réponses
Paroles % Correct
Eh
99%
et
99%
Et
99%
Formidable,
99%
Formidable
99%
formidable,
99%
Tu
97%
tu
97%
à
96%
a
96%
fort
96%
J't'ai
95%
minable
95%
étais
94%
étions
93%
Nous
93%
j'étais
92%
J'étais...
92%
ce
90%
de
88%
vous
88%
Vous
88%
vous ?
88%
vous !
88%
pas
87%
pas -
87%
pas,
87%
un
87%
Hey
86%
Si
86%
si
86%
que
85%
c'est
84%
c'est...
84%
84%
la
84%
comme
83%
le
82%
Mec,
82%
peu
82%
p'tit
82%
Mademoiselle
81%
bébé,
80%
bébé
80%
moi,
80%
moi
80%
Oh
80%
petit
80%
avez
78%
il
78%
reviens !
78%
reviens
78%
bourré
77%
oh
77%
Parce
77%
parce
77%
singe,
77%
t'es
77%
vie
77%
elle
76%
J'suis
76%
mais
76%
oups !
76%
tous,
76%
en
75%
maman
75%
maman,
75%
papa
75%
pour
75%
formidables
74%
pardon ! -
74%
quoi !
74%
au
73%
hier
73%
hier...
73%
Ah
72%
est
72%
trompe
72%
va
72%
ça
71%
dans
71%
m'regarder
71%
poli,
71%
regardé,
71%
sais
71%
Bande
70%
draguer,
70%
elles
70%
juré
70%
ni
70%
promis
70%
qu'est-
70%
veux
70%
êtes
69%
fois
69%
gentil
69%
les
69%
marié,
69%
méchant
69%
petite -
69%
sera...
69%
anneau
68%
beau
68%
chaque
68%
Cinq
68%
courtois,
68%
faire
68%
font
68%
qu'un
68%
vu
68%
enfin
67%
gamin !
67%
minutes
67%
parlé ?
67%
t'emballe
67%
y'a
67%
célibataire,
66%
depuis
66%
Donnez-
66%
lui
66%
puis
66%
putain !
66%
tout
66%
dis,
65%
macaques !
65%
peur
65%
oui
64%
qu'elle
64%
t'crois
64%
t'larguer
64%
as
63%
d'être
63%
mamie
63%
m'auriez
62%
réglé
62%
vieillit,
62%
aussi,
61%
insultée
61%
j'lui
61%
Pourquoi
61%
tiens
61%
chiante,
60%
fille,
60%
mecs
60%
rouge ?
60%
verrez
60%
l'autre
59%
ans,
57%
autre
57%
chose
57%
Attends
55%
trois
55%
J'peux
54%
d'enfant
53%
sept
52%
J'vais
49%
saints,
45%
bon
43%
Beh
38%
Aucun quiz correspondant
Distribution des résultats
% des personnes avec chaque résultat
Percentile par nombre de réponses
Votre historique - résultats
Vous n’avez pas pris ce quiz